| 000 | 00534nam a2200169 a 4500 | ||
|---|---|---|---|
| 001 | 000030016 | ||
| 005 | 20200930060000.0 | ||
| 008 | 110428s1972 dr 000 0 spa d | ||
| 040 |
_aDO-SdBNP _bspa _cBNPHU |
||
| 082 |
_axxxx _bL247p |
||
| 100 | 1 |
_aMiro, Carmen A. _956735 |
|
| 245 | 1 | 0 |
_aLa influencia de los cambios de la población / _cMiro, Carmen A. |
| 260 |
_aSanto Domingo : _bAsociación Dominicana Pro Bienestar de la Familia, _c1972. |
||
| 300 |
_a10 p. ; _c21 cm. |
||
| 490 | 1 |
_aDocumentos _v3 |
|
| 830 | 0 |
_aDocumentos _v3 _91047 |
|
| 999 |
_c29508 _d29508 |
||